Rezidencia prezidenta SR

Guardado en:
Detalles Bibliográficos
Autor principal: Rigová, Paulína (Autor)
Otros Autores: Skoček, Iľja (Orientador)
Formato: Manuscrito Libro
Lenguaje:eslovaco
Publicado: 2020
Materias:
Acceso en línea:http://is.stuba.sk/zp/portal_zp.pl?podrobnosti=152378
https://opac.crzp.sk/?fn=detailBiblioForm&sid=23A5A917B76C11E749AAEF80CF65
Etiquetas: Agregar Etiqueta
Sin Etiquetas, Sea el primero en etiquetar este registro!

MARC

LEADER 00000ntm a22000003a 4500
001 stuzp78898
003 SK-STU
005 20230522134039.7
007 ta
008 150427s2015----xo-----f-mn---000-0-slo-d
040 |a STU  |b slo 
041 0 |a slo 
100 1 |a Rigová, Paulína  |u 010310  |4 aut  |U SvF Stavebná fakulta  |T SvF Katedra architektúry  |X 75585  |U V181|V310  |Y 19  |7 75585 
242 0 1 |a Residence of the President of Slovak republic  |y eng 
245 1 0 |a Rezidencia prezidenta SR 
260 |c 2020 
650 4 |a rezidencia  |2 slo 
650 4 |a bývanie  |2 slo 
650 4 |a prezident  |2 slo 
650 4 |a residence  |2 eng 
650 4 |a housing  |2 eng 
650 4 |a president  |2 eng 
700 1 |a Skoček, Iľja  |4 ths  |X 71168  |7 71168 
856 4 |u http://is.stuba.sk/zp/portal_zp.pl?podrobnosti=152378 
856 4 |u https://opac.crzp.sk/?fn=detailBiblioForm&sid=23A5A917B76C11E749AAEF80CF65